<?xml version="1.0" encoding="UTF-8"?>
<record
    xmlns:xsi="http://www.w3.org/2001/XMLSchema-instance"
    xsi:schemaLocation="http://www.loc.gov/MARC21/slim http://www.loc.gov/standards/marcxml/schema/MARC21slim.xsd"
    xmlns="http://www.loc.gov/MARC21/slim">

  <leader>03038nam a2200577Ia 4500</leader>
  <controlfield tag="001">409</controlfield>
  <controlfield tag="008">241029s9999    xx            000 0 und d</controlfield>
  <datafield tag="010" ind1=" " ind2=" ">
    <subfield code="a">375</subfield>
  </datafield>
  <datafield tag="041" ind1=" " ind2=" ">
    <subfield code="a">Espa&#xF1;ol</subfield>
  </datafield>
  <datafield tag="082" ind1=" " ind2=" ">
    <subfield code="a">MEI 12-013      </subfield>
  </datafield>
  <datafield tag="245" ind1=" " ind2="0">
    <subfield code="a">Incidencia de las actividades l&#xFA;dicas en el desarrollo de las habilidades motoras de los ni&#xF1;os del Tercer Ciclo del Nivel Inicial en la Escuela Josefa Emilia Ortega del Distrito Educativo 07-05 de San Francisco de Macor&#xED;s en el A&#xF1;o Escolar 2011-2012 </subfield>
  </datafield>
  <datafield tag="260" ind1=" " ind2=" ">
    <subfield code="a">Santiago</subfield>
  </datafield>
  <datafield tag="300" ind1=" " ind2=" ">
    <subfield code="a">114</subfield>
  </datafield>
  <datafield tag="520" ind1=" " ind2=" ">
    <subfield code="a">5</subfield>
  </datafield>
  <datafield tag="630" ind1=" " ind2=" ">
    <subfield code="a">Actitud de los Estudiantes</subfield>
  </datafield>
  <datafield tag="630" ind1=" " ind2=" ">
    <subfield code="a">Aprendizaje Cooperativo</subfield>
  </datafield>
  <datafield tag="630" ind1=" " ind2=" ">
    <subfield code="a">Factores Cognitivos</subfield>
  </datafield>
  <datafield tag="630" ind1=" " ind2=" ">
    <subfield code="a">Habilidades Sociales</subfield>
  </datafield>
  <datafield tag="630" ind1=" " ind2=" ">
    <subfield code="a">Necesidades de Aprendizaje</subfield>
  </datafield>
  <datafield tag="650" ind1=" " ind2=" ">
    <subfield code="a">Participaci&#xF3;n</subfield>
  </datafield>
  <datafield tag="690" ind1=" " ind2=" ">
    <subfield code="a">Elaborado</subfield>
  </datafield>
  <datafield tag="700" ind1=" " ind2=" ">
    <subfield code="e">asesor</subfield>
    <subfield code="a">Mena, Miriam</subfield>
  </datafield>
  <datafield tag="700" ind1=" " ind2=" ">
    <subfield code="e">autor</subfield>
    <subfield code="a">Suero D&#xED;az, Elba Milagros</subfield>
  </datafield>
  <datafield tag="700" ind1=" " ind2=" ">
    <subfield code="e">autor</subfield>
    <subfield code="a"> Coronado Romero, Onda Greellyn </subfield>
  </datafield>
  <datafield tag="901" ind1=" " ind2=" ">
    <subfield code="a">{"1":"Suero D&#xED;az","2":" Coronado Romero"}</subfield>
    <subfield code="b">{"1":"Elba Milagros","2":"Onda Greellyn "}</subfield>
  </datafield>
  <datafield tag="902" ind1=" " ind2=" ">
    <subfield code="a">1</subfield>
  </datafield>
  <datafield tag="903" ind1=" " ind2=" ">
    <subfield code="a">{"1":"Mena"}</subfield>
    <subfield code="b">{"1":"Miriam"}</subfield>
  </datafield>
  <datafield tag="904" ind1=" " ind2=" ">
    <subfield code="a">Mag&#xED;ster en</subfield>
  </datafield>
  <datafield tag="905" ind1=" " ind2=" ">
    <subfield code="a">Ciencias de la Educaci&#xF3;n</subfield>
  </datafield>
  <datafield tag="906" ind1=" " ind2=" ">
    <subfield code="a">1</subfield>
  </datafield>
  <datafield tag="907" ind1=" " ind2=" ">
    <subfield code="a">Menci&#xF3;n en</subfield>
  </datafield>
  <datafield tag="908" ind1=" " ind2=" ">
    <subfield code="a">Educaci&#xF3;n Inicial</subfield>
  </datafield>
  <datafield tag="909" ind1=" " ind2=" ">
    <subfield code="a">Universidad Abierta para Adultos (UAPA), Recinto Santiago</subfield>
  </datafield>
  <datafield tag="910" ind1=" " ind2=" ">
    <subfield code="a">NULL</subfield>
    <subfield code="b">NULL</subfield>
  </datafield>
  <datafield tag="911" ind1=" " ind2=" ">
    <subfield code="a">["1"]</subfield>
  </datafield>
  <datafield tag="912" ind1=" " ind2=" ">
    <subfield code="a">NO APLICA</subfield>
  </datafield>
  <datafield tag="913" ind1=" " ind2=" ">
    <subfield code="a">NULL</subfield>
  </datafield>
  <datafield tag="914" ind1=" " ind2=" ">
    <subfield code="a">01 de Junio de 2012</subfield>
  </datafield>
  <datafield tag="915" ind1=" " ind2=" ">
    <subfield code="a">20/07/15 12:07</subfield>
  </datafield>
  <datafield tag="916" ind1=" " ind2=" ">
    <subfield code="a">NULL</subfield>
  </datafield>
  <datafield tag="917" ind1=" " ind2=" ">
    <subfield code="a">NULL</subfield>
  </datafield>
  <datafield tag="918" ind1=" " ind2=" ">
    <subfield code="a">NO APLICA</subfield>
  </datafield>
  <datafield tag="919" ind1=" " ind2=" ">
    <subfield code="a">["5","19","104","114","144"]</subfield>
  </datafield>
  <datafield tag="520" ind1=" " ind2=" ">
    <subfield code="a">Esta investigaci&#xF3;n plante&#xF3; como objetivo general, analizar la incidencia de las actividades &#xA0;l&#xFA;dicas en el &#xA0;desarrollo de las habilidades motoras de los ni&#xF1;os del &#xA0;tercer ciclo del Nivel Inicial en la escuela Josefa Emilia Ortega del Distrito Educativo 07-05 de San Francisco de Macor&#xED;s &#xA0;en el &#xA0;A&#xF1;o Escolar 2011-2012.El tipo de estudio correspondi&#xF3; a las caracter&#xED;sticas propias del estudio bibliogr&#xE1;fico, de campo, descriptiva y transversal. Se emple&#xF3;&#xA0;adem&#xE1;s, el m&#xE9;todo deductivo.&#xA0;La poblaci&#xF3;n investigadas fueron las 2 docentes del Nivel Inicial , la directora del centro educativo, una coordinadora del primer ciclo de b&#xE1;sica y 85 alumnos.En las observaciones realizadas &#xA0;se evidenci&#xF3; que en el proceso pedag&#xF3;gico llevado a cabo por los docentes de este nivel, no se aprecia la puesta en ejecuci&#xF3;n &#xA0;de actividades l&#xFA;dicas y mucho menos en la planificaci&#xF3;n.Todas las maestras tienen titulaci&#xF3;n acad&#xE9;mica en el nivel inicial y diez a&#xF1;os o m&#xE1;s en el servicio.Dentro de las actividades realizadas por los ni&#xF1;os &#xA0;del &#xA0;tercer ciclo del nivel inicial se encontr&#xF3;: mantener el equilibrio en realizar sus acciones independientes, del mismo modo que se desplazan a un lugar determinado, lo que les permite caminar y correr venciendo obst&#xE1;culos fuera del sal&#xF3;n de clase.</subfield>
  </datafield>
  <datafield tag="921" ind1=" " ind2=" ">
    <subfield code="a">11</subfield>
  </datafield>
  <datafield tag="922" ind1=" " ind2=" ">
    <subfield code="a">11</subfield>
  </datafield>
  <datafield tag="923" ind1=" " ind2=" ">
    <subfield code="a">0</subfield>
  </datafield>
  <datafield tag="924" ind1=" " ind2=" ">
    <subfield code="a">NO APLICA</subfield>
  </datafield>
  <datafield tag="942" ind1=" " ind2=" ">
    <subfield code="c">Tesis</subfield>
  </datafield>
  <datafield tag="999" ind1=" " ind2=" ">
    <subfield code="c">375</subfield>
    <subfield code="d">375</subfield>
  </datafield>
</record>
